Riconosci lo Stato - Quiz n°71 - Statistics

Statistiche generali
  • Questo quiz è stato fatto 31 volte
  • Il punteggio medio è 11 su 12
Statistiche sulle risposte
Indizio Risposta % Corretto
Indipendenza Dall'Impero britannico 4 luglio 1776 (dichiarata) 3 settembre 1783 (riconosciuta)
96%
Iniziale della Capitale W
96%
Tasso di crescita 0,59%
93%
ISU 0,926
93%
PIL (nominale) 27 675 271 milioni di $
93%
Popolazione 341 139 019 ab.
93%
Superficie 9 834 000 km²
93%
Fuso Orario Da UTC-5 a -10 Da UTC-4 a -10 (ora legale)
93%
Valuta Dollaro
93%
Presidente della Repubblica Joe Biden
93%
Forma di Governo Repubblica presidenziale federale
93%
Risposta Stati Uniti d'America
93%
Nessun quiz corrispondente trovato
Distribuzione punteggi
Percentuale di utenti per punteggio
Percentile per numero di risposta
I tuoi punteggi nel tempo
Non hai fatto questo quiz